<?xml version="1.0" encoding="UTF-8"?><?xml-stylesheet type="text/xsl" href="static/style.xsl"?><OAI-PMH xmlns="http://www.openarchives.org/OAI/2.0/" xmlns:xsi="http://www.w3.org/2001/XMLSchema-instance" xsi:schemaLocation="http://www.openarchives.org/OAI/2.0/ http://www.openarchives.org/OAI/2.0/OAI-PMH.xsd"><responseDate>2026-04-13T05:57:26Z</responseDate><request verb="GetRecord" identifier="oai:www.recercat.cat:20.500.14342/3267" metadataPrefix="marc">https://recercat.cat/oai/request</request><GetRecord><record><header><identifier>oai:recercat.cat:20.500.14342/3267</identifier><datestamp>2025-03-11T04:10:27Z</datestamp><setSpec>com_2072_482405</setSpec><setSpec>com_2072_183628</setSpec><setSpec>col_2072_482415</setSpec></header><metadata><record xmlns="http://www.loc.gov/MARC21/slim" xmlns:dcterms="http://purl.org/dc/terms/" xmlns:xsi="http://www.w3.org/2001/XMLSchema-instance" xmlns:doc="http://www.lyncode.com/xoai" xsi:schemaLocation="http://www.loc.gov/MARC21/slim http://www.loc.gov/standards/marcxml/schema/MARC21slim.xsd">
   <leader>00925njm 22002777a 4500</leader>
   <datafield ind2=" " ind1=" " tag="042">
      <subfield code="a">dc</subfield>
   </datafield>
   <datafield ind2=" " ind1=" " tag="720">
      <subfield code="a">Iriondo Sanz, Ignasi</subfield>
      <subfield code="e">author</subfield>
   </datafield>
   <datafield ind2=" " ind1=" " tag="720">
      <subfield code="a">Martí Roca, Josep</subfield>
      <subfield code="e">author</subfield>
   </datafield>
   <datafield ind2=" " ind1=" " tag="720">
      <subfield code="a">Oliver Lafont, Jaume</subfield>
      <subfield code="e">author</subfield>
   </datafield>
   <datafield ind2=" " ind1=" " tag="720">
      <subfield code="a">Guaus Termens, Roger</subfield>
      <subfield code="e">author</subfield>
   </datafield>
   <datafield ind2=" " ind1=" " tag="720">
      <subfield code="a">Moure González, Helena</subfield>
      <subfield code="e">author</subfield>
   </datafield>
   <datafield ind2=" " ind1=" " tag="260">
      <subfield code="c">1999</subfield>
   </datafield>
   <datafield ind2=" " ind1=" " tag="520">
      <subfield code="a">Este artículo describe nuevas líneas de investigación referentes a la síntesis concatenativa para la conversión texto-habla. La técnica TD-PSOLA supuso un salto importante en cuanto a la mejora de la calidad de los sistemas anteriores. Ha sido un método váido para muchas aplicaciones pero es insuficiente para las nuevas necesidades en el campo de las telecomunicaciones, donde se requiere una síntesis más natural y agradable. Se hace referencia a nuevos enfoques de los sistemas de conversión texto-habla, especialmente en dos aspectos, el método y la estrategia de síntesis. Respecto al método de síntesis se expican mejoras conseguidas con modificaciones efectuadas sobre el TD-PSOLA. En referencia a la estrategia de síntesis se describen las líneas de investigación actuales haciendo una especial mención de la necesidad de disponer de herramientas automáticas de segmentación y etiquetado de bases de datos de voz.</subfield>
   </datafield>
   <datafield ind1="8" ind2=" " tag="024">
      <subfield code="a">http://hdl.handle.net/20.500.14342/3267</subfield>
   </datafield>
   <datafield tag="653" ind2=" " ind1=" ">
      <subfield code="a">Processament de la parla</subfield>
   </datafield>
   <datafield tag="653" ind2=" " ind1=" ">
      <subfield code="a">Reconeixement automàtic de la parla</subfield>
   </datafield>
   <datafield ind2="0" ind1="0" tag="245">
      <subfield code="a">Hacia una síntesis concatenativa de alta calidad para aplicaciones de conversión texto-habla</subfield>
   </datafield>
</record></metadata></record></GetRecord></OAI-PMH>